Teoría y problemas de diseño de máquinas (Registro nro. 34157)

Detalles MARC
001 - NÚMERO DE CONTROL
campo de control 20091
005 - FECHA Y HORA DE LA ÚLTIMA TRANSACCIÓN
campo de control 20260504072251.0
008 - DATOS DE LONGITUD FIJA--INFORMACIÓN GENERAL
campo de control de longitud fija 960313s1975 spa
035 ## - NÚMERO DE CONTROL DEL SISTEMA
Número de control de sistema 20091
035 ## - NÚMERO DE CONTROL DEL SISTEMA
Número de control de sistema (OCoLC)778057945
040 ## - FUENTE DE LA CATALOGACIÓN
Centro/agencia transcriptor comduadb
041 ## - CÓDIGO DE LENGUA
Código de lengua del texto/banda sonora o título independiente spa
082 #4 - NÚMERO DE LA CLASIFICACIÓN DECIMAL DEWEY
Número de clasificación 621
100 10 - ENTRADA PRINCIPAL--NOMBRE DE PERSONA
Nombre de persona Hall, Allen S.
Código de función aut
Término indicativo de función/relación Autor/a
9 (RLIN) 244707
245 10 - MENCIÓN DE TÍTULO
Título Teoría y problemas de diseño de máquinas
250 ## - MENCIÓN DE EDICIÓN
Mención de edición 1. edición
260 ## - PUBLICACIÓN, DISTRIBUCIÓN, ETC.
Lugar de publicación, distribución, etc. Cali :
Nombre del editor, distribuidor, etc. McGraw-Hill Interamericana,
Fecha de publicación, distribución, etc. 1975.
300 ## - DESCRIPCIÓN FÍSICA
Extensión 344 páginas.
490 0# - MENCIÓN DE SERIE
Mención de serie Serie de compendios schaum
505 ## - NOTA DE CONTENIDO CON FORMATO
Nota de contenido con formato CONTENIDO : 1: Introducción. -- 2: Esfuerzos en elementos sencillos de máquinas. -- 3: Ajustes y tolerancias. -- 4: vigas curvas. -- 5: Deformación y pandeo de elementos de máquina. -- 6: Diseño de elementos de máquinas sometidas a la acción de cargas variables. -- 7: vibraciones en máquinas. -- 8: Velocidad crítica de ejes. -- 9: transmisión de potencias ejes. -- 10: Diseños de acoplamientos. -- 11: Cuñas, pasadores y estrías. -- 12: Tornillos de potencia y sujetadores roscados. -- 13: Pernos. -- 14: Embragues. -- 15: Diseño de frenos. -- 16: Resortes. -- 17: Fuerzas en los engranajes. -- 18: Engranajes rectos (cilíndricos). -- 19: Engranajes helicoidales. -- 20: Engranajes cónicos. -- 21: Engranajes con tornillos sin fin. -- 22: Cojinetes de rodamiento. -- 23: Lubricación y diseño de cojinetes. -- 24: Trasmisión por correas. -- 25: Soldadura. -- 26: Volantes. -- 27: Proyectos. -- Índice.
650 #7 - PUNTO DE ACCESO ADICIONAL DE MATERIA--TÉRMINO DE MATERIA
Término de materia o nombre geográfico como elemento de entrada Diseño de máquinas
Fuente del encabezamiento o término lemb
9 (RLIN) 28207
700 10 - ENTRADA AGREGADA--NOMBRE PERSONAL
Nombre de persona Holowenko, Alfred R.
Código de función aut
Término indicativo de función/relación Autor/a
9 (RLIN) 245269
700 10 - ENTRADA AGREGADA--NOMBRE PERSONAL
Nombre de persona Laughlin, Herman G.
Código de función aut
Término indicativo de función/relación Autor/a
9 (RLIN) 474852
942 ## - ELEMENTOS DE ENTRADA AGREGADA (KOHA)
Tipo de ítem Koha Libros
Existencias
Estado de retiro Estado de pérdida Estado dañado No para préstamo Código de colección Localización permanente Ubicación/localización actual Fecha de adquisición Número de inventario Total de préstamos Signatura topográfica completa Código de barras Fecha visto por última vez Fecha del último préstamo Número de copia Precio válido a partir de Tipo de ítem Koha Fuente del sistema de clasificación o colocación
        Colección General Piso 2 Biblioteca Carlos Gaviria Díaz, Campus Medellín Biblioteca Carlos Gaviria Díaz, Campus Medellín 22/12/1998 C28447 1 621.815076 H174t e2 61000001954441 01/10/2024 24/09/2024 2 20/04/2023 Libros  
        Colección General Piso 2 Biblioteca Carlos Gaviria Díaz, Campus Medellín Biblioteca Carlos Gaviria Díaz, Campus Medellín 27/06/1997 C28450   621.815076 H174t e5 61000001518170 20/04/2023   4 20/04/2023 Libros  
        Colección General Piso 2 Biblioteca Carlos Gaviria Díaz, Campus Medellín Biblioteca Carlos Gaviria Díaz, Campus Medellín 27/06/1997 C28451 1 621.815076 H174t e6 61000001518162 19/03/2025 26/02/2025 5 20/04/2023 Libros Clasificación Decimal Dewey